Teoría de la concurrencia y de los bienes inmateriales /

Bibliographic Details
Main Author: Ascarelli, Tullio, 1903-1959 (Author)
Other Authors: Verdera y Tuells, Evelio (Translator), Suárez-Llanos Gómez, Luis (Translator)
Format: Electronic eBook
Language:Spanish
Italian
Published: Santiago, Chile : Ediciones Olejnik, [2023]
Series:Biblioteca de derecho civil.
Subjects:
Online Access:Digitalia Hispánica

MARC

LEADER 00000nam a2200000Ii 4500
001 DIGOLEJNK1388
003 NyNyDIG
006 m o d
007 cr |||||||||||
008 250902s2023 cl ob 000 0 spa d
035 |a (OCoLC)1427225508 
040 |a DGITA  |b eng  |e rda  |e pn  |c DGITA 
041 1 |a spa  |h ita 
020 |z 9789564073668 
043 |a e-it--- 
050 1 4 |a KKH1234 ebook 
100 1 |a Ascarelli, Tullio,  |d 1903-1959,  |e author. 
240 1 0 |a Teoria della concorrenza e dei beni immateriali.  |l Spanish  |s (Verdera y Tuells and Suárez-Llanos Gómez) 
245 1 0 |a Teoría de la concurrencia y de los bienes inmateriales /  |c Tullio Ascarelli ; traducción de E. Verdera y L. Suarez-Llanos. 
264 1 |a Santiago, Chile :  |b Ediciones Olejnik,  |c [2023] 
300 |a 1 online resource. 
336 |a text  |b txt  |2 rdacontent 
337 |a computer  |b c  |2 rdamedia 
338 |a online resource  |b cr  |2 rdacarrier 
347 |a text file  |2 rdaft 
347 |b PDF 
490 1 |a Biblioteca de derecho civil 
504 |a Includes bibliographical references. 
588 0 |a Online resource; title from PDF title page (Digitalia, viewed September 2, 2025) 
650 0 |a Competition, Unfair  |z Italy. 
650 0 |a Patent laws and legislation  |z Italy. 
700 1 |a Verdera y Tuells, Evelio,  |e translator. 
700 1 |a Suárez-Llanos Gómez, Luis,  |e translator. 
700 1 |i Translation of:  |a Ascarelli, Tullio,  |d 1903-1959.  |t Teoria della concorrenza e dei beni immateriali. 
791 2 |a Digitalia (Firm),  |e distributor. 
793 0 |g Digitalia eBook Collection:  |a Ediciones Olejnik 
776 0 8 |i Print version:  |a Ascarelli, Tullio, 1903-1959.  |s Teoria della concorrenza e dei beni immateriali. Spanish (Verdera y Tuells and Suárez-Llanos Gómez).  |t Teoría de la concurrencia y de los bienes inmateriales.  |b Primera edición en Ediciones Olejnik.  |d Santiago, Chile : Ediciones Olejnik, 2023  |z 9789564073668 
830 0 |a Biblioteca de derecho civil. 
856 4 0 |3 Digitalia Hispánica  |u https://www.digitaliapublishing.com/a/157902/ 
910 |a Premium collection: 2025